[Event "Gibraltar Masters 16th"]
[Site "Caleta"]
[Date "2018.02.01"]
[Round "10"]
[White "Adams, Michael"]
[Black "Grandelius, Nils"]
[Result "1-0"]
[WhiteElo "2709"]
[BlackElo "2647"]
[Annotator "Adams,M"]
[PlyCount "75"]
[EventDate "2018.01.23"]
[EventType "swiss"]
[EventRounds "10"]
[EventCountry "GGB"]
[SourceTitle "CBM 183"]
[Source "ChessBase"]
[SourceDate "2018.03.14"]
[SourceVersion "1"]
[SourceVersionDate "2018.03.14"]
[SourceQuality "1"]

{Gibraltar is an unusual event because there are 10 consecutive playing days,
and I was fortunate that the fatigue affected my adversaries in the final 2
games.} 1. e4 c5 2. Nf3 d6 3. Bb5+ Bd7 ({I thought my opponent would play} 3...
Nd7 {here.}) 4. Bxd7+ Nxd7 5. O-O Ngf6 6. Re1 e6 ({After} 6... g6 7. c3 {
White can build a strong centre.}) 7. d4 cxd4 8. Nxd4 Be7 (8... Rc8 $5 {
is an interesting option here.}) 9. c4 O-O 10. b3 ({During the game I thought
this was more accurate to prevent d5 ideas, but the straightforward} 10. Nc3 $5
{was also reasonable} Rc8 11. b3 d5 {is a critical line} 12. exd5 exd5 13. Nxd5
Nxd5 14. cxd5 Nb6 $1 ({I was looking at} 14... Bf6 $6 15. Rb1 {but here Black
is struggling.}) 15. Nf5 Bf6 16. Ba3 Qxd5 17. Qxd5 Nxd5 18. Bxf8 Bxa1 19. Ba3
Bf6 20. Nd6 Ra8 21. Nxb7 Nc3 {Black should hold, but it's not much fun.}) 10...
Re8 ({I was expecting a transfer to a traditional Hedgehog with} 10... a6 {
although this is not a very fashionable option these days. I'm sure Ulf
Andersson would be happy here with Black!}) ({Nils spent some time here, and
was obviously considering} 10... d5 $5 {which isn't a bad option} 11. e5 Ne4
12. cxd5 exd5 13. f3 Bb4 (13... Ng5 $5) 14. fxe4 Bxe1 15. Qxe1 Nxe5 {when
matters are rather murky.}) 11. Bb2 Nc5 ({Again the central break is hard to
assess} 11... d5 $5 12. e5 Ne4 13. cxd5 (13. f3 Nec5 14. cxd5 exd5 $13) 13...
exd5 14. e6 {looks dangerous here, but due to White's lagging development it
is too ambitious} fxe6 15. Nxe6 Qb6 (15... Qa5 $5 {is another good option}) 16.
Rxe4 dxe4 17. Qxd7 e3 18. Qd5 $2 {which I thought was good enough, but as my
opponent pointed out after the game} (18. Na3 $1 exf2+ 19. Kf1 Qd6 20. Qxd6
Bxd6 21. Ng5 Bxh2 {is roughly equal.}) 18... exf2+ 19. Kf1 Qa6+ $1 {leaves
Black in charge.} 20. Kxf2 $2 Bh4+ $19) 12. Nc3 d5 $2 ({Having rejected two
viable occasions to make this move, this is a really unfortunate moment for
this break - it simply loses immediately.} 12... a6 {or}) (12... Rc8 {were
indicated.}) 13. exd5 exd5 14. Nf5 $1 Bf8 (14... Qd7 15. Nxg7 $1 Kxg7 16. Nxd5
$18 {is totally crushing.}) (14... d4 15. Rxe7 Rxe7 16. Nxe7+ Qxe7 17. Qxd4 {
is relatively best, but far from hopeful.}) ({My opponent had not initially
realised that} 14... dxc4 $2 15. Nxe7+ Rxe7 16. Qxd8+ {wins a rook.}) 15. Rxe8
Qxe8 16. Nxd5 Nxd5 17. Nh6+ $1 ({A killing intermezzo} 17. cxd5 $6 Qe4 {
allows Black to fight}) 17... Kh8 (17... gxh6 18. Qg4+ {mates.}) 18. Qxd5 Qe6 (
{Black has to part with a second pawn:} 18... f6 19. Qg8# {is an abrupt
conclusion}) (18... Ne6 19. Re1 $1 {and Black lacks a decent move:} Rd8 $2 20.
Qxd8 $1 Qxd8 21. Nxf7+ $18) 19. Nxf7+ Kg8 20. Qxe6 Nxe6 21. Ne5 Rd8 (21... a5
$5 {was probably the best way to try to cause trouble.}) 22. Bc3 {Black has no
entry squares, and conversion was not too difficult.} Bc5 23. Kf1 Bd4 24. Bxd4
Rxd4 25. Re1 $1 Nc5 (25... Rd2 {is repelled by} 26. Nf3 {.}) 26. Nf3 Rd6 27.
Ng5 {Now the exchange of knights is pretty inevitable.} Rd8 28. g3 h6 29. Ne6
Nxe6 30. Rxe6 Kf7 31. Re5 Rd2 32. a4 ({I was thinking for a while about} 32.
Rc5 Rxa2 33. Rc7+ Kf6 34. Rxb7 a5 {but the game move is cleaner.}) 32... Rb2
33. Rb5 b6 34. h4 Ke6 (34... g6 {was more practical, once the pawn is fixed on
g7 the game is over.}) 35. h5 Kd6 36. a5 Kc6 37. axb6 axb6 38. Kg2 {With my
king heading up the board and no targets to aim at Black resigned. A nice way
to finish the tournament, as I joined the winning group of players on 7.5/10.}
1-0

[Event "GBR-ch 97th"]
[Site "Canterbury"]
[Date "2010.08.05"]
[Round "10"]
[White "Adams, Michael"]
[Black "Williams, Simon Kim"]
[Result "1-0"]
[WhiteElo "2706"]
[BlackElo "2511"]
[Annotator "Adams,M"]
[PlyCount "53"]
[EventDate "2010.07.26"]
[EventType "swiss"]
[EventRounds "11"]
[EventCountry "ENG"]
[SourceTitle "CBM 137 Extra"]
[Source "ChessBase"]
[SourceDate "2010.09.01"]
[SourceVersion "1"]
[SourceVersionDate "2010.09.01"]
[SourceQuality "1"]

1. e4 c5 2. Nf3 d6 3. Bb5+ {Simon doesn't play the Sicilian that often and had
seemed unsure about this line in his past games but his next few moves came at
a brisk rate as he whipped out the main line.} Bd7 4. Bxd7+ Qxd7 5. c4 Nf6 6.
Nc3 g6 7. d4 cxd4 8. Nxd4 Bg7 9. f3 ({The variation} 9. h3 {seems to have been
killed off by the alert response.} Qc7 10. b3 Qa5 11. Bd2 Nxe4 12. Nxe4 Qe5)
9... O-O 10. Be3 {The idea of White's play is to complete queenside
development before castling to reduce the chances of a successful central
break.} Rc8 ({It's not clear the rook is well placed here} 10... Nc6 {was one
sensible alternative.}) 11. b3 e6 12. Rc1 d5 ({This pawn move is premature} 
12... Nc6 13. O-O d5 {certainly gets closer to equality than the game. Black
could also simply develop rather than breaking in the middle.}) 13. e5 Ne8 ({
The piece sacrifice} 13... Nh5 14. g4 dxc4 15. gxh5 Bxe5 16. hxg6 hxg6 {
doesn't convince.}) 14. cxd5 exd5 ({The alternative} 14... Bxe5 15. dxe6 fxe6
16. O-O {leaves Black with a weak pawn and} Rd8 $2 {is well met by} 17. Nxe6)
15. f4 Nc6 16. O-O Nc7 ({The computer recommends} 16... Bf8 {but} 17. Nxc6 bxc6
18. f5 {looks rather ominous.}) 17. Nxc6 $1 {Given time to improve his pieces
Black is ok so this tactical opportunity shouldn't be missed.} bxc6 18. Ne4 {
Transferring the knight to greener pastures due to the opposition of the
queens.} Ne8 ({I thought} 18... a5 {keeping the knight within touching
distance of the useful outpost on e6 was better.}) ({The immediate} 18... Ne6 {
is strongly countered by} 19. f5) 19. Nc5 Qe7 20. Nd3 {An important withdrawal
that I took a while to spot , now Black's steed will be stuck on the back rank
for a while.} Qe6 21. Qf3 a5 ({The weakening of the b6 square causes Black
problems so} 21... Bf8 {was worth considering. However} 22. Rc2 a5 23. Bc5 {
is not very pleasant.}) 22. Nc5 ({I considered} 22. g4 {but such drastic
measures aren't required} f5 {is a reasonable response.}) 22... Qe7 23. Bf2 ({
I felt} 23. Rc2 {was the right move as} Nc7 ({but} 23... f6 {seemed like an
interesting option for Black.}) 24. Na4 {is very good}) 23... Rab8 ({Now} 23...
Nc7 {is refuted by} 24. Na4) ({and} 23... f6 24. Bh4 {also keeps control.}) 24.
Qh3 $1 {Introducing a threat of Nd7 and the option of Bh4.} f5 {It was getting
difficult for Black to move anything but this leaves White with a passed
e-pawn to go with his other trumps.} 25. Qc3 Ra8 $2 ({I thought Simon should
try} 25... Qd8 26. Bd4 $1 ({The impatient} 26. Ne6 Qd7 27. Nxg7 Nxg7 28. Qxa5
Ne6 {allows Black's knight to find a dream square}) 26... Bf8 ({the best
practical chance is} 26... Nc7 27. Qxa5 Bf8) 27. Ne6 Qd7 28. Nxf8 Kxf8 {
intending to bring his knight to e6 but} 29. e6 $1 Qxe6 30. Rfe1 {tears
Black's position in two.}) ({It was also worth considering} 25... Rb5 {keeping
everthing covered for the moment.}) 26. Na4 Ra6 ({Giving up a pawn} 26... Rab8
27. Qxa5 {was relatively best this costs even more material.}) 27. Qd3 {
Black resigned as material is dropping off 27...Ra7 28.Bxa7 Qxa7+ 29.Kh1
offers little hope.} 1-0

[Event "RUS-CHN Summit Men 4th"]
[Site "Nizhnij Novgorod"]
[Date "2007.08.24"]
[Round "5"]
[White "Ni, Hua"]
[Black "Alekseev, Evgeny V"]
[Result "0-1"]
[WhiteElo "2681"]
[BlackElo "2689"]
[Annotator "Alekseev,E"]
[PlyCount "88"]
[EventDate "2007.08.20"]
[EventType "schev"]
[EventRounds "10"]
[EventCountry "RUS"]
[SourceTitle "CBM 120"]
[Source "ChessBase"]
[SourceDate "2007.10.02"]
[SourceVersion "1"]
[SourceVersionDate "2007.10.02"]
[SourceQuality "1"]

1. e4 c5 2. Nf3 d6 3. Bb5+ Bd7 4. Bxd7+ Qxd7 ({Interestingly, the previous day,
Timofeev beat Ni Hua with} 4... Nxd7) 5. c4 Nf6 6. Nc3 Nc6 7. d4 cxd4 8. Nxd4
e6 9. O-O Be7 10. Be3 O-O 11. Rc1 a6 {Black has a slightly cramped, but solid
position, very like the Maroczy System, but without the light-squared bishops.
Who this favours is not quite clear. Black's plan is to advance b5, but this
is far from simple, since White can prevent it with the move a4.} 12. Qe2 Rac8
13. f3 {A little slow. 13.f4 is a more principled move, since it is hard to
manage without this advance sooner or later.} Qc7 14. b3 Qa5 {Starting play on
the queenside.} 15. Kh1 Rfe8 {A difficult decision. It is not clear what else
is better.} (15... b5 {is not possible because of} 16. Nxc6 Rxc6 17. cxb5 Rxc3
18. Bd2) 16. Nxc6 Rxc6 {16...bxc6 is riskier, because it gives up the advance
b5 forever.} 17. f4 Qh5 $6 {A waste of time, but I wanted to simplify the
position. Here, I decided to test my opponent's intentions by offering a draw,
but Ni was in the mood for a fight.} 18. Qd3 ({Going into the endgame deserved
consideration:} 18. Qxh5 Nxh5 19. g4 Nf6 20. g5 Nd7 21. Kg2 {and White stands
slightly better.}) 18... Nd7 19. Rf3 Qa5 {Black is forced to admit his mistake,
since the queen has no future on h5.} 20. Bd2 Qd8 21. Rh3 g6 22. Rf1 Bf6 23. g4
$5 {On the one hand, this creates a weakness, but on the other, it starts an
attack.} ({It was also possible to settle for the quiet} 23. Ne2 {followed by
Bc3, and White retains the initiative.}) {Now the king is somewhat exposed.}
23... Bg7 24. g5 (24. f5 {was interesting, after which Black should play} {
Other moves are worse, eg.} Be5 (24... Ne5 25. Qg3 b5 26. cxb5 axb5 27. Nxb5
Rc2 28. Bb4 Qg5 29. Nxd6 Rd8 30. fxe6 (30. a3) 30... fxe6 {with an unclear
position.}) 25. g5 Qe7 {and White has a strong attack.}) 24... f5 $1 {
Preventing White playing the analogous advance. I liked this move for the fact
that Kasparov played the same move in a similar position in the decisive 24th
game of his 1985 match with Karpov.} 25. exf5 $2 {After this, Black obtains a
powerful central pawn mass. Evidently, Ni liked the idea of later transferring
his knight to h5. During the game, I also thought this was dangerous for me,
but it turns out to be impossible to carry out this plan.} ({Stronger was} 25.
gxf6 Qxf6 26. Ne2 {followed by Bc3 with some attack.}) 25... gxf5 26. Ne2 $6 ({
More accurate was} 26. Qf3 Nf8 27. Rd1 {preventing the advance.}) 26... b5 27.
Nd4 Rc7 {An accurate move. Now Black enjoys a small advantage. The character
of the struggle has changed, and now it is White who has to defend.} 28. Ba5
Qa8+ 29. Nf3 Rc6 30. Bc3 bxc4 31. bxc4 Nc5 32. Qe3 Rc7 33. Bxg7 Rxg7 34. Qd4
Qc6 {White's attack has come to nothing, and the pin is unpleasant. The
position is not easy to play.} 35. g6 $4 {The decisive mistake, which shows
that my opponent could not withstand the pressure which has come upon him, as
a result of the preceding moves.} ({After} 35. Rh6 {Black's position is the
more pleasant, but there is still a lot of fight ahead.}) 35... hxg6 36. Rg1 e5
37. fxe5 dxe5 38. Qh4 Nd3 {Not fearing ghosts. The pin on the a8-h1 diagonal
decides the game.} 39. Rd1 Nf4 40. Rd6 Qxd6 41. Qh8+ Kf7 42. Ng5+ Kf6 $1 {
Accuracy is needed to the end.} ({After} 42... Ke7 $4 43. Qxg7+ Kd8 44. Nf7+ {
it is White who wins.}) 43. Nh7+ Ke7 44. Qxg7+ Kd8 {In view of the inevitable
material losses, White resigns.} 0-1

[Event "ISR-chT"]
[Site "Israel"]
[Date "1996.??.??"]
[Round "3"]
[White "Gruenfeld, Yehuda"]
[Black "Alterman, Boris"]
[Result "1/2-1/2"]
[WhiteElo "2520"]
[BlackElo "2585"]
[Annotator "Alterman,B"]
[PlyCount "142"]
[EventDate "1996.??.??"]
[EventType "team"]
[EventRounds "11"]
[EventCountry "ISR"]
[SourceTitle "CBM 052 Extra"]
[Source "ChessBase"]
[SourceDate "1996.07.01"]
[SourceVersion "1"]
[SourceVersionDate "1996.07.01"]
[SourceQuality "1"]

1. e4 c5 2. Nf3 d6 3. Bb5+ Bd7 4. Bxd7+ Qxd7 5. O-O Nc6 6. c3 Nf6 7. d4 Nxe4 8.
d5 Ne5 9. Re1 Nxf3+ 10. Qxf3 Nf6 11. c4 e5 12. dxe6 fxe6 13. Bg5 Be7 14. Nc3 h6
$1 (14... O-O 15. Qh3 $14) (14... O-O-O $5) 15. Bxf6 O-O 16. Qh3 (16. Nd5 Bxf6
$17) 16... Bxf6 17. Qxe6+ Qxe6 18. Rxe6 Bxc3 (18... Rae8 $1 19. Rae1 (19. Rxd6
$2 Bd4 20. Rf1 Rxf2 $19) 19... Rxe6 (19... Kf7 20. Rxe8 Rxe8 21. Rxe8 Kxe8 22.
Ne4 Kd7 23. b3 Kc6 $15) 20. Rxe6 Bxc3 21. bxc3 Rf4 22. Rxd6 Rxc4 23. Rd8+ (23.
Rd7) 23... Kh7 24. g3 (24. Rd3 Ra4 25. Rd2 Ra3 26. Rc2 Kg6 $17) (24. f4 $3 Rxc3
25. Rd7 Rc1+ 26. Kf2 Rc2+ 27. Kf3 Rb2 28. f5 Kg8 29. Rc7 $10) 24... Rxc3 25.
Rd7 Rc1+ 26. Kg2 Rb1 27. Rc7 Rb5 28. h4 $15) 19. bxc3 Rae8 20. Rxd6 Re2 21. f3
Rfe8 22. h4 $1 Kh7 23. Rd7 Rb2 24. Kh2 Ree2 (24... Re3 25. Kh3 Rxc3 26. Re1
Rcc2 27. g4 $14) 25. Rg1 Rxa2 $2 (25... a5 $10) 26. Rxb7 Ra4 27. Kh3 $14 h5 $2
(27... Rxc4 28. Rd1 Re8 29. Rdd7 Rg8 30. Rxa7 Rxc3 $10) 28. Rd1 $1 Raa2 29. Rd5
Rxg2 30. Rxh5+ Kg6 31. Rxc5 Rh2+ 32. Kg3 Rag2+ 33. Kf4 Rxh4+ 34. Ke3 Rc2 35.
Rc6+ Kh7 36. Kd3 Rf2 37. Rf7 Rh3 38. Ke4 Re2+ 39. Kd4 Rd2+ 40. Ke5 Rd3 41. Rcc7
Rg3 42. Rxa7 Rxc3 43. Kd4 Rc1 $1 (43... Rcxf3 44. Rxf3 Rxf3 45. c5 Rf1 46. c6
Rc1 47. Kd5 Kh6 48. Ra5 g5 49. Kd6 Kh5 50. c7 Rxc7 51. Kxc7 Kg4 52. Kd6 Kf4 53.
Ra4+ Kf5 54. Kd5 g4 55. Kd4 Kf4 56. Kd3+ Kf3 57. Ra8 g3 58. Rf8+ $18) 44. f4 $2
(44. Rf4 $1 $16) 44... Rd1+ 45. Kc5 Rc1 $1 $14 46. Rac7 Kh6 47. Rc6+ Kh7 48.
Rd6 Rgc3 49. Rd4 Ra3 $1 50. Rb7 Ra5+ 51. Rb5 Ra8 52. Rb6 Rc8+ 53. Rc6 Rf8 54.
Rcd6 Rc8+ 55. Kd5 Rf8 56. Rd7 Rf5+ 57. Kc6 Rf6+ 58. Kd5 Rf5+ 59. Kd6 Rf6+ 60.
Kc7 Rf5 61. Kc6 Rf6+ 62. R7d6 Rf8 63. Kd7 Rf7+ 64. Ke6 Rf6+ 65. Ke5 Re1+ 66.
Kd5 Rf5+ 67. Kc6 Rc1 68. R6d5 Rf6+ 69. Kc5 Rf8 70. Kd6 Rd8+ 71. Ke7 Rc8 1/2-1/2

[Event "YUG-Cup"]
[Site "Herceg Novi"]
[Date "2000.05.28"]
[Round "2"]
[White "Rublevsky, Sergei"]
[Black "Atalik, Suat"]
[Result "1/2-1/2"]
[WhiteElo "2662"]
[BlackElo "2575"]
[Annotator "Atalik,S"]
[PlyCount "88"]
[EventDate "2000.05.27"]
[EventType "swiss"]
[EventRounds "7"]
[EventCountry "YUG"]
[SourceTitle "EXT 2003"]
[Source "ChessBase"]
[SourceDate "2002.11.25"]
[SourceVersion "1"]
[SourceVersionDate "2002.11.25"]
[SourceQuality "1"]

1. e4 c5 2. Nf3 d6 3. Bb5+ Bd7 4. Bxd7+ Qxd7 5. c4 Nf6 6. Nc3 Nc6 7. O-O g6 8.
d4 cxd4 9. Nxd4 Bg7 10. Nde2 O-O 11. f3 Rfd8 12. Bg5 h6 13. Bh4 e6 $1 14. f4
Qc7 (14... a6 $2 15. c5 $1) 15. Kh1 Qa5 16. Bxf6 Bxf6 17. f5 Bg5 $1 18. fxe6 $1
(18. Nf4 $6 gxf5) (18. h4 Bxh4 19. fxe6 (19. Nf4 exf5) 19... fxe6 20. Nf4 Re8
21. Nxg6 Qg5 $15) 18... fxe6 19. Nf4 Bxf4 20. Rxf4 Qg5 $1 (20... Qe5 21. Qg4) (
20... Ne5 21. Rf6) 21. Qd2 Ne5 22. Raf1 (22. b3 $2 Nd3 $1 $19) 22... Nxc4 $1 (
22... Qe7 $11) 23. Qd4 Ne5 $2 (23... d5 $1 $36 24. exd5 $140 e5) 24. Rf6 Ng4
25. Rf7 Qe5 26. Qg1 $1 (26. Qxe5 Nxe5 27. Rxb7 Rdb8 28. Rxb8+ Rxb8 29. b3 a6
$15) 26... Rf8 $1 (26... b6 27. h3 Qh5 28. Ne2 $40) 27. Rxf8+ Rxf8 28. Rxf8+
Kxf8 29. h3 Qg3 (29... Nf6 30. Qxa7) (29... Qf6 $5 30. hxg4 $1 $11 (30. Qc1 Ne5
31. Nb5 Nf7)) 30. Qf1+ Qf2 31. Qd1 Ne3 32. Qxd6+ Kf7 (32... Kg7 33. Qe5+) 33.
Qc7+ Kf8 34. Qc8+ Kf7 35. Qxb7+ Kf8 36. Qb8+ Kf7 37. Qxa7+ Kf8 38. Qb8+ Kf7 39.
Qc7+ Kf8 40. Qh2 Nf1 $1 (40... Qe1+ $2 41. Qg1 Nf1 42. g4 $18) 41. Qd6+ Kf7 42.
Qc7+ Kf8 43. Qb8+ Kf7 44. h4 Ne3 $1 (44... Ne3 45. Qh2 Qe1+ 46. Qg1 Qxh4+ 47.
Qh2 Qe1+) 1/2-1/2

[Event "Leonid Stein Memorial-B"]
[Site "Lvov"]
[Date "2000.05.19"]
[Round "7"]
[White "Sulypa, Oleksandr"]
[Black "Atalik, Suat"]
[Result "1/2-1/2"]
[WhiteElo "2449"]
[BlackElo "2575"]
[Annotator "Atalik,S"]
[PlyCount "27"]
[EventDate "2000.05.12"]
[EventType "tourn"]
[EventRounds "10"]
[EventCountry "UKR"]
[EventCategory "10"]
[SourceTitle "EXT 2002"]
[Source "ChessBase"]
[SourceDate "2001.11.25"]
[SourceVersion "1"]
[SourceVersionDate "2001.11.25"]
[SourceQuality "1"]

1. e4 c5 2. Nf3 d6 3. Bb5+ Bd7 4. Bxd7+ Qxd7 5. c4 Nf6 6. Nc3 Nc6 7. d4 cxd4 8.
Nxd4 g6 9. f3 Bg7 10. Be3 O-O 11. O-O Rfd8 12. Qd2 e6 13. Rfd1 d5 14. cxd5 (14.
cxd5 exd5 15. exd5 Nxd5 16. Nxc6 bxc6 17. Nxd5 Qxd5 18. Qxd5 Rxd5 19. Rxd5 cxd5
20. Rd1 d4 21. Bd2 $11) 1/2-1/2

[Event "Bled op 21st"]
[Site "Bled"]
[Date "2000.03.30"]
[Round "6"]
[White "Miroshnichenko, Evgenij"]
[Black "Atalik, Suat"]
[Result "1/2-1/2"]
[WhiteElo "2465"]
[BlackElo "2575"]
[Annotator "Atalik,S"]
[PlyCount "31"]
[EventDate "2000.03.25"]
[EventType "swiss"]
[EventRounds "9"]
[EventCountry "SLO"]
[SourceTitle "EXT 2002"]
[Source "ChessBase"]
[SourceDate "2001.11.25"]
[SourceVersion "1"]
[SourceVersionDate "2001.11.25"]
[SourceQuality "1"]

1. e4 c5 2. Nf3 d6 3. Bb5+ Bd7 4. Bxd7+ Qxd7 5. c4 Nc6 6. Nc3 Nf6 7. d4 cxd4 8.
Nxd4 g6 9. O-O (9. f3 Bg7 10. Be3 O-O 11. O-O Rfd8 12. Qd2 e6 13. Rad1 d5 14.
exd5 (14. Nxc6 bxc6 15. Bg5 dxc4 16. Qe2 Qc7 17. Qxc4 (17. Rxd8+ Qxd8 18. Rd1
Qa5 19. Be3 Rb8 20. Qxc4 Rxb2 21. Qxc6 h5 $11) 17... Qb6+ 18. Kh1 h6 (18...
Rxd1 $6 19. Rxd1 Qxb2 20. Qxc6) (18... Qxb2 19. Rb1) 19. Bc1 Ne8 (19... Rxd1 $6
20. Rxd1 Rd8 21. Rxd8+ Qxd8 22. Be3 $16) (19... Nd7 20. f4) 20. Qe2 Nd6 21. Be3
Qb4 $132) 14... exd5 15. c5 Ne8 16. Nxc6 bxc6 17. Bd4 Bf8 18. Qf4 (18. Rfe1 Ng7
19. b4 Ne6 20. Bf6 Be7 $11) 18... Ng7 $11) 9... Bg7 10. Nde2 O-O 11. f3 Rfd8
12. Bg5 h6 13. Be3 e6 14. Qd2 d5 $1 {Yermolinsky} (14... Kh7 $6 15. Rad1 d5 $2
16. cxd5 exd5 17. Nxd5 Nxd5 18. exd5 Ne7 19. Nc3 $16) 15. cxd5 exd5 16. Bxh6 (
16. Bxh6 dxe4 17. Qxd7 (17. Qg5 Nh7 18. Qh4 exf3 19. Rxf3 Ne5) 17... Rxd7 18.
Bxg7 Kxg7 19. fxe4 Rd2 20. b3 (20. Rab1 Nxe4 21. Nxe4 Rxe2 22. Nd6 Re7 $11) (
20. b4 Nxb4 21. Rab1 Nxa2 22. e5 (22. Rxb7 Nxc3 23. Nxc3 Rd7 $15) 22... Ng4 23.
e6 $44) 20... Nxe4 (20... Rad8 $6 21. Ng3) 21. Nxe4 Rxe2 22. Nd6 Re7 23. Rac1
Nd4 24. Rfe1 Rd7) 1/2-1/2